Laddar...

Introduction to the UCSD P system

Bibliografiska uppgifter
Huvudupphovsman: Grant, Charles W
Övriga upphovsmän: Butach, Jon
Materialtyp: Printed Book
Språk:English
Publicerad: Berkeley Sybex 1982
Ämnen:
LEADER 00619nam a2200181 a 4500
005 20151026130439.0
008 960221s1955 dcuabcdjdbkoqu001 0deng d
003 ViArRB
100 |a Grant, Charles W 
245 |a Introduction to the UCSD P system 
260 |a Berkeley  |b Sybex  |c 1982 
300 |a xiii, 300 p. 
500 |a   
653 |a computers and calculators  |a Computer science  |a Data processing systems  |a Data processing  |a ucsd pascal 
700 |a Butach, Jon 
942 |c BK  |6 _ 
999 |c 5551  |d 5551 
952 |0 0  |1 0  |2 udc  |4 0  |6 0044322_PASGRA  |7 0  |9 16943  |a UL  |b UL  |d 2010-06-16  |o 004.432.2 PAS GRA  |p 00033043  |r 2010-06-16  |w 2010-06-16  |y BK